000 00653nam a2200301Ia 4500
005 20260401122201.0
008 008 250103s9999 xx 000 0 eng d
020 _a8126008075
037 _aTB
040 _aEDL
040 _beng
040 _cEDL
041 _2eng
041 _aeng
084 _a891.21 SRE
084 _qEDL
100 _aSreekantaiyya, T.N.
_91232847
245 0 _aIndian Poetics
245 0 _cSreekantaiyya, T.N.
260 _aNew Delhi
260 _bSahitya Akademi
260 _c2001
300 _a402p
942 _cTB
942 _h891.21 SRE
999 _c1845474
_d1845474